[Event "Cuiaba Contaud op"]
[Site "Cuiaba"]
[Date "2024.11.23"]
[Round "3"]
[White "De Oliveira, Claudemir Carlos"]
[Black "De Lima, Lucas Taveira"]
[Result "1-0"]
[WhiteElo "1800"]
[BlackElo "1687"]
[PlyCount "22"]
[EventDate "2024.11.22"]
[EventType "swiss"]
[EventRounds "6"]
[EventCountry "BRA"]
[SourceTitle "CB49_2024"]
[SourceDate "2024.12.04"]
[SourceVersion "1"]
[SourceVersionDate "2024.12.04"]
[SourceQuality "1"]

1. e4 e5 2. Bc4 c6 3. Nc3 Nf6 4. Nge2 d5 5. exd5 Nxd5 6. Bb3 Nb6 7. d4 exd4 8. Nxd4 Bc5 9. Nce2 0-0 10. 0-0 Bg4 11. c3 Bxd4 1-0

[Event "Cuiaba Contaud op"]
[Site "Cuiaba"]
[Date "2024.11.22"]
[Round "2"]
[White "De Lima, Lucas Taveira"]
[Black "De Almeida, Daniel Costa"]
[Result "0-1"]
[WhiteElo "1687"]
[BlackElo "1471"]
[PlyCount "80"]
[EventDate "2024.11.22"]
[EventType "swiss"]
[EventRounds "6"]
[EventCountry "BRA"]
[SourceTitle "CB49_2024"]
[SourceDate "2024.12.04"]
[SourceVersion "1"]
[SourceVersionDate "2024.12.04"]
[SourceQuality "1"]

1. c4 e6 2. Nc3 d5 3. cxd5 exd5 4. d4 Nf6 5. g3 Nc6 6. Bg2 Be6 7. Nf3 h6 8. h3 Bd6 9. 0-0 0-0 10. a3 Qd7 11. Kh2 Rfe8 12. Nb5 Bf8 13. Bf4 Rac8 14. Nxc7 Rxc7 15. Bxc7 Qxc7 16. Rc1 Bd6 17. b4 a6 18. e3 Qd7 19. Nd2 Bf5 20. Nb3 Ne4 21. Nc5 Bxc5 22. dxc5 Na5 23. f3 Nf6 24. Re1 Qc7 25. Rc3 Nh5 26. f4 Nf6 27. Qc1 Nc4 28. Bxd5 Nxd5 29. Rxc4 Bd3 30. Rc3 Nxc3 31. Qxc3 Be4 32. Re2 Qc6 33. Rb2 Qa4 34. Qb3 Qxb3 35. Rxb3 Bd5 36. Rc3 f5 37. g4 Kf7 38. gxf5 Kf6 39. Kg3 Kxf5 40. Kf2 Re6 0-1

[Event "Cuiaba Contaud op"]
[Site "Cuiaba"]
[Date "2023.11.04"]
[Round "5"]
[White "Cordeiro Silva, Marcos Antonio"]
[Black "De Lima, Lucas Taveira"]
[Result "1-0"]
[WhiteElo "1588"]
[BlackElo "1443"]
[PlyCount "102"]
[EventDate "2023.11.02"]
[EventType "swiss"]
[EventRounds "7"]
[EventCountry "BRA"]
[SourceTitle "CBM 217 Extra"]
[Source "ChessBase"]
[SourceDate "2024.01.31"]
[SourceVersion "1"]
[SourceVersionDate "2024.01.31"]
[SourceQuality "1"]

1. e4 e5 2. Nf3 Nc6 3. d4 exd4 4. Bc4 d6 5. Nxd4 Nxd4 6. Qxd4 Qf6 7. Qd3 Be6 8. Nc3 c6 9. a4 Bxc4 10. Qxc4 Ne7 11. Be3 Ng6 12. Qb3 b6 13. 0-0 Be7 14. Rad1 0-0 15. Qc4 Rac8 16. f4 Rfe8 17. Qe2 Bf8 18. Qf3 Rc7 19. Bd4 Qh4 20. g3 Qh3 21. Rfe1 Nh4 22. Qf1 Qg4 23. Re2 Nf3+ 24. Kg2 Nxd4 25. Rxd4 f5 26. h3 Qg6 27. exf5 Rxe2+ 28. Qxe2 Qxf5 29. Re4 d5 30. Re5 Qf7 31. Qg4 d4 32. Ne4 Re7 33. Ng5 Qc4 34. Rxe7 Bxe7 35. Qe6+ Qxe6 36. Nxe6 Kf7 37. Nxd4 c5 38. Nf3 Ke6 39. Kf2 Kd5 40. b3 Bf6 41. Ke3 h6 42. c4+ Kd6 43. Ke4 Ke6 44. Ne5 Bxe5 45. fxe5 g5 46. Kf3 h5 47. Ke4 h4 48. gxh4 gxh4 49. Kf4 Kf7 50. Kf5 Ke7 51. e6 Kf8 1-0

[Event "BRA-ch U26"]
[Site "Joinville"]
[Date "2023.10.12"]
[Round "5"]
[White "De Lima, Lucas Taveira"]
[Black "De Oliveira, Anderson Weslley Ca"]
[Result "1/2-1/2"]
[WhiteElo "1443"]
[BlackElo "1800"]
[PlyCount "102"]
[EventDate "2023.10.09"]
[EventType "swiss"]
[EventRounds "6"]
[EventCountry "BRA"]
[SourceTitle "CBM 216 Extra"]
[Source "ChessBase"]
[SourceDate "2023.11.30"]
[SourceVersion "1"]
[SourceVersionDate "2023.11.30"]
[SourceQuality "1"]

1. c4 e6 2. Nc3 d5 3. cxd5 exd5 4. d4 Nf6 5. g3 Be7 6. Bg2 Be6 7. Nf3 0-0 8. 0-0 Nc6 9. Bf4 a6 10. h3 Ne4 11. Ne5 Nxe5 12. Nxe4 Ng6 13. Nc3 Nxf4 14. gxf4 c6 15. e3 Qd7 16. Qf3 Kh8 17. Na4 Rae8 18. Rfd1 f5 19. b3 g5 20. Nc5 Bxc5 21. dxc5 gxf4 22. Qxf4 Rg8 23. Kh2 Rg6 24. Rg1 Bf7 25. Bf3 Qe7 26. b4 Qf6 27. Rxg6 Bxg6 28. Rd1 Qb2 29. Qd4+ Qxd4 30. Rxd4 b5 31. cxb6 Rb8 32. a4 Rxb6 33. a5 Rb7 34. Kg3 Kg7 35. Be2 Ra7 36. Kf4 Kf6 37. h4 h5 38. Bd3 Ra8 39. f3 Bh7 40. e4 fxe4 41. fxe4 dxe4 42. Bxe4 Bxe4 43. Kxe4 Ke6 44. Rc4 Kd6 45. Kf5 Rb8 46. Rd4+ Kc7 47. Ke6 Re8+ 48. Kf7 Re5 49. Kf6 Rb5 50. Ke6 Kc8 51. Kd6 Kb7 1/2-1/2

[Event "Florianopolis op 8th"]
[Site "Florianopolis"]
[Date "2022.01.27"]
[Round "5"]
[White "De Lima, Lucas Taveira"]
[Black "Luz, Jhonatan Rodrigues"]
[Result "0-1"]
[WhiteElo "1397"]
[BlackElo "1845"]
[PlyCount "56"]
[EventDate "2022.01.24"]
[EventType "swiss"]
[EventRounds "10"]
[EventCountry "BRA"]
[SourceTitle "CBM 206 Extra"]
[Source "ChessBase"]
[SourceDate "2022.03.31"]
[SourceVersion "1"]
[SourceVersionDate "2022.03.31"]
[SourceQuality "1"]

1. c4 Nf6 2. Nc3 g6 3. Nf3 Bg7 4. d3 d5 5. cxd5 Nxd5 6. Bd2 0-0 7. g3 c5 8. Bg2 Nc6 9. 0-0 e6 10. Rc1 b6 11. a3 Bb7 12. Qc2 Rc8 13. Rfd1 Nd4 14. Nxd4 cxd4 15. e4 dxc3 16. bxc3 Nxc3 17. Bxc3 Rxc3 18. Qe2 Rxc1 19. Rxc1 Bd4 20. Kh1 Qd7 21. f4 Rc8 22. Rf1 Qa4 23. Qg4 Qxa3 24. f5 exf5 25. exf5 Bxg2+ 26. Kxg2 Rc2+ 27. Kh3 Qxd3 28. Rd1 Rd2 0-1

[Event "Florianopolis op 8th"]
[Site "Florianopolis"]
[Date "2022.01.26"]
[Round "4"]
[White "Esteche, Caina Rinaldi"]
[Black "De Lima, Lucas Taveira"]
[Result "1-0"]
[WhiteElo "1735"]
[BlackElo "1397"]
[PlyCount "55"]
[EventDate "2022.01.24"]
[EventType "swiss"]
[EventRounds "10"]
[EventCountry "BRA"]
[SourceTitle "EXT 2023"]
[Source "ChessBase"]
[SourceDate "2022.10.05"]
[SourceVersion "1"]
[SourceVersionDate "2022.10.05"]
[SourceQuality "1"]

1. d4 Nf6 2. c4 g6 3. Nc3 Bg7 4. e4 d6 5. f3 0-0 6. Be3 Nbd7 7. Qd2 e5 8. 0-0-0 exd4 9. Bxd4 a5 10. g4 Qe7 11. g5 Nh5 12. Nd5 Qd8 13. Bxg7 Kxg7 14. Be2 c6 15. Nf4 Nxf4 16. Qxf4 Ne5 17. h4 f6 18. Qg3 fxg5 19. hxg5 Nf7 20. f4 Qe7 21. Nf3 Qxe4 22. Bd3 Qe3+ 23. Kb1 Ne5 24. Qh4 Rh8 25. Nxe5 dxe5 26. Qh6+ Kg8 27. Bxg6 Bf5+ 28. Bxf5 1-0

[Event "BRA-ch 87th"]
[Site "Cuiaba"]
[Date "2021.11.02"]
[Round "8"]
[White "De Lima, Lucas Taveira"]
[Black "Timossi, Lucas Jose Santiago"]
[Result "1-0"]
[WhiteElo "1427"]
[BlackElo "1737"]
[PlyCount "51"]
[EventDate "2021.10.28"]
[EventType "swiss"]
[EventRounds "11"]
[EventCountry "BRA"]
[SourceTitle "CBM 205 Extra"]
[Source "ChessBase"]
[SourceDate "2022.01.31"]
[SourceVersion "1"]
[SourceVersionDate "2022.01.31"]
[SourceQuality "1"]

1. c4 Nf6 2. Nc3 g6 3. g3 Bg7 4. Bg2 0-0 5. Nf3 d6 6. 0-0 Bf5 7. d3 Nc6 8. Rb1 Ne8 9. b4 Bxc3 10. e4 Bg4 11. Qc2 Bxf3 12. Bxf3 Bxb4 13. Bh6 Ng7 14. Rxb4 Nxb4 15. Qb2 e5 16. Qxb4 Qf6 17. Bg2 Rfb8 18. f4 Qe6 19. fxe5 Qxe5 20. Qd2 b5 21. Qf2 bxc4 22. Qxf7+ Kh8 23. dxc4 Nh5 24. Qxc7 Rc8 25. Qb7 Rcb8 26. Qc7 1-0

[Event "BRA-ch 87th"]
[Site "Cuiaba"]
[Date "2021.11.02"]
[Round "9"]
[White "Leite, Coraci de Jesus"]
[Black "De Lima, Lucas Taveira"]
[Result "1-0"]
[WhiteElo "1763"]
[BlackElo "1427"]
[PlyCount "65"]
[EventDate "2021.10.28"]
[EventType "swiss"]
[EventRounds "11"]
[EventCountry "BRA"]
[SourceTitle "CBM 205 Extra"]
[Source "ChessBase"]
[SourceDate "2022.01.31"]
[SourceVersion "1"]
[SourceVersionDate "2022.01.31"]
[SourceQuality "1"]

1. e4 e5 2. Bc4 Bc5 3. Ne2 Nf6 4. d3 0-0 5. Nbc3 c6 6. Ng3 d5 7. Bb3 Ng4 8. 0-0 Qh4 9. h3 Qxg3 10. hxg4 Bxg4 11. Ne2 Qh4 12. Qd2 dxe4 13. Nc3 h6 14. Nxe4 Bb6 15. c4 Bd4 16. Bd1 f5 17. Nd6 Qe7 18. c5 Bxd1 19. Qxd1 Bxc5 20. Qb3+ Kh8 21. Nxb7 Bb6 22. Qa3 Qxa3 23. bxa3 Rf6 24. Bb2 Nd7 25. Bc3 a5 26. Rab1 Ra7 27. Bxe5 Rxb7 28. Bxf6 Nxf6 29. Rfc1 Ng4 30. d4 Nf6 31. Rxc6 Nd5 32. Rd6 Nf6 33. Rbxb6 1-0